LDR 00707naa#a2200193#i#450# 001 EN\\bibl\111241 005 20260413050502.1 011 ## _a2073-0462 100 ## _a20251230b2025####ek#y0engy0150####ca 101 0# _aRUS 102 ## _aRU 200 1# _aINFLUENCE OF BIOLOGICAL PREPARATIONS ON WINTER TRITICALE OVERWINTERING AND GRAIN YIELD IN THE MIDDLE URALS _eJournal article 210 1# _aKazan _cKazan state agrarian University _d2025 215 ## _a5 с. 608 ## _aJournal article _2local 675 ## _aПрочие виды хлебных злаков и зерновых. 633.19 _aАгротехника. 631.5 _zRUS 700 #1 _aAkmanaev _gEl'mart Danifovich 700 #1 _aSTARCEVA _gAlena Viktorovna 856 4# _azh-szf.ru _u